000 00644nam a2200205 u 4500
005 20240706063726.0
008 160524s2009 r 000 0 eng d
020 _a9788489825673
035 _aUPN01000210515
049 _aI
050 4 _aLC4601
_bC6.7
100 1 _aConsuegra, Ángels
_939206
245 1 3 _aEl sueño de la pequeña Efwa /
_cÁngels Consuegra ; il. M. Carmen Fortuño.
260 _aBarcelona, Esp. :
_bING,
_c2009.
300 _a[24] p. :
_bil. col
650 4 _aNiños con discapacidad mental
_93820
650 4 _aNIÑOS -
_xASISTENCIA SOCIAL
_917876
650 4 _aLibros y lectura para niños
_92290
905 _aInfantil
999 _c182616
_d182616